|
|
|
|
| LEADER |
00000nam0a2200000 4500 |
| 001 |
14372 |
| 005 |
20231101204939.0 |
| 010 |
|
|
|a 5787100581
|
| 035 |
|
|
|a (RuTPU)RU\TPU\book\14465
|
| 035 |
|
|
|a BOOK00000055
|
| 090 |
|
|
|a 14372
|
| 100 |
|
|
|a 20011209d1998 km y0rusy50 ca
|
| 101 |
0 |
|
|a rus
|a ger
|
| 102 |
|
|
|a RU
|
| 105 |
|
|
|a y gj 000zy
|
| 200 |
1 |
|
|a Предлоги в современном немецком языке. Значение (грамматические отношения), управление, употребление во всех сферах общения
|e Справочное и учебное пособие по практической коммуникативной грамматике
|f И. И. Сущинский
|
| 210 |
|
|
|a Москва
|c Лист
|d 1998
|
| 215 |
|
|
|a 176 с.
|
| 606 |
|
|
|a Немецкий язык
|x Для вузов
|x Пособия по грамматике
|2 stltpush
|3 (RuTPU)RU\TPU\subj\45396
|9 64638
|
| 610 |
1 |
|
|a грамматика
|
| 610 |
1 |
|
|a предлоги
|
| 610 |
1 |
|
|a учебные пособия
|
| 686 |
|
|
|a Ш143.24-923.2
|v LBC/SL-A
|2 rubbk
|
| 700 |
|
1 |
|a Сущинский
|b И. И.
|g Иосиф Иванович
|
| 801 |
|
0 |
|a RU
|b 63413507
|c 20011209
|g PSBO
|
| 801 |
|
2 |
|a RU
|b 63413507
|c 20190530
|g PSBO
|
| 942 |
|
|
|c BK
|